आर्यांच्या सणांचा प्राचिन व अर्वाचिन इतिहास (क. क्र. 24/4 ) (Record no. 415842)

MARC details
000 -LEADER
fixed length control field 01009nam a2200181Ia 4500
008 - FIXED-LENGTH DATA ELEMENTS--GENERAL INFORMATION
fixed length control field 100122s9999 xx 000 0 und d
082 ## - DEWEY DECIMAL CLASSIFICATION NUMBER
Item number 31136
Classification number 294.5
100 ## - MAIN ENTRY--PERSONAL NAME
Personal name ऋग्वेदी
245 ## - TITLE STATEMENT
Title आर्यांच्या सणांचा प्राचिन व अर्वाचिन इतिहास (क. क्र. 24/4 )
250 ## - EDITION STATEMENT
Edition statement 3
260 ## - PUBLICATION, DISTRIBUTION, ETC. (IMPRINT)
Name of publisher, distributor, etc प्रज्ञा पाठशाळा मंडळ
Date of publication, distribution, etc 1979
300 ## - PHYSICAL DESCRIPTION
Extent 380
520 ## - SUMMARY, ETC.
Summary, etc आर्यांच्या सणांचा प्राचीन इतिहास
620 ## -
-- आर्यांच्या सणांचा प्राचीन इतिहास
630 ## - SUBJECT ADDED ENTRY--UNIFORM TITLE
Uniform title आर्यांच्या सणांचा प्राचिन व अर्वाचिन इतिहास (क. क्र. 24/4 )
730 ## - ADDED ENTRY--UNIFORM TITLE
Uniform title आर्यांच्या सणांचा प्राचिन व अर्वाचिन इतिहास (क. क्र. 24/4 )
942 ## - ADDED ENTRY ELEMENTS (KOHA)
Koha item type Book
Holdings
Withdrawn status Lost status Damaged status Not for loan Home library Current library Date acquired Cost, normal purchase price Total Checkouts Full call number Barcode Date last seen Cost, replacement price Price effective from Koha item type Public note
        S.V. Pathak Library, Vile Parle S.V. Pathak Library, Vile Parle 06/14/1981 20.00   31136 SVPPARLE-31136 01/25/2010 20.00 01/25/2010 Book General NA